St. Louis International Airport Destinations - Statistics

General Stats
  • This quiz has been taken 178 times
    127 since last reset
  • The average score is 55 of 73
Answer Stats
Hint Airlines Answer % Correct
Georgia Delta, Southwest, Frontier Atlanta
99%
Texas American, Southwest Austin
95%
Maryland Southwest Baltimore
95%
Massachusetts American, Southwest Boston
94%
Illinois Southwest Chicago (Midway)
94%
Illinois American, United, Frontier Chicago (O'Hare)
94%
Texas American Dallas (DFW)
93%
Texas Southwest Dallas (Love)
93%
Ohio Southwest Cleveland
90%
Ohio Southwest Columbus
90%
Iowa Southwest Des Moines
90%
California American, Southwest, Spirit Los Angeles
90%
North Carolina American, Southwest Charlotte
89%
Texas United Houston (Bush)
89%
Texas Southwest Houston (Hobby)
89%
Florida American, Southwest, Frontier Miami
89%
Florida Southwest, Spirit, Frontier Orlando
89%
Pennsylvania American, Southwest Philadelphia
89%
Arizona American, Southwest, Spirit Phoenix
89%
California United, Southwest San Francisco
89%
Colorado United, Southwest, Frontier Denver
88%
Nevada Southwest, Spirit, Sun Country, Frontier Las Vegas
88%
New York American, Delta, Southwest New York (LaGuardia)
88%
Canada (Ontario) Air Canada Toronto
88%
Michigan Delta, Southwest Detroit
86%
Missouri Southwest Kansas City
86%
Tennessee Southwest Nashville
86%
Louisiana Southwest New Orleans
86%
Oklahoma Southwest Oklahoma City
86%
Utah Delta, Southwest Salt Lake City
86%
California Southwest San Diego
86%
Washington Southwest, Alaska Seattle
86%
Mexico (Campeche) American, Southwest, Spirit, Frontier Cancun
85%
South Carolina Southwest Charleston
85%
Minnesota Delta, Southwest, Sun Country Minneapolis
85%
Florida Southwest, Spirit Tampa
85%
Arkansas Southwest Little Rock
84%
Oregon Southwest Portland
84%
Texas Southwest San Antonio
84%
Tennessee Boutique Jackson
83%
New Jersey United Newark
83%
Pennsylvania Southwest Pittsburgh
81%
Florida Southwest Jacksonville
80%
Wisconsin Southwest Milwaukee
80%
California Southwest San Jose
80%
Oklahoma Southwest Tulsa
80%
North Carolina Southwest Raleigh
79%
Puerto Rico (U.S.) Southwest San Juan
79%
Nebraska Southwest Omaha
77%
Florida Southwest, Spirit Fort Lauderdale
75%
Kansas Southwest Wichita
74%
Florida Southwest, Spirit Fort Myers
73%
California Southwest Sacramento
72%
Georgia Southwest Savannah
69%
Jamaica Southwest Montego Bay
68%
California Southwest Oakland
68%
N/A United Washington (Dulles)
67%
N/A American, Southwest Washington (National)
67%
South Carolina United, Southwest Myrtle Beach
60%
Florida Southwest, Spirit Pensacola
60%
California Southwest Orange County
59%
Dominican Republic Frontier Punta Cana
57%
California Southwest Long Beach
52%
Florida Southwest Panama City
48%
Florida Southwest Fort Walton Beach
46%
Florida Southwest Sarasota
46%
South Carolina United Hilton Head
38%
Arkansas Air Choice One Jonesboro
28%
Kentucky Cape Air Owensboro
28%
Iowa Air Choice One Burlington
21%
Missouri Cape Air Kirksville
21%
Illinois Cape Air Marion
15%
Illinois Cape Air Quincy
15%
No matching quizzes found
Score Distribution
Percent of People with Each Score
Percentile by Number Answered
Your Score History
You have not taken this quiz since the last reset